Statistics for All Taylor Swift Songs over 500 Million Streams

Click here to take the quiz!

General Stats

  • This quiz has been taken 11 times
  • The average score is 11 of 38

Answer Stats

Streams (Billions)Answer% Correct
2.13Cruel Summer
88%
1.79Blank Space
75%
1.54Anti-Hero
50%
1.39Shake It Off
50%
1.08august
38%
1.29cardigan
38%
1.14Look What You Made Me Do
38%
1.39Lover
38%
0.88Love Story
38%
1.20Style
38%
0.83willow
38%
0.83All Too Well (10 Minute Version) (Taylor's Version)
25%
0.59Bad Blood
25%
0.52Bejeweled
25%
0.60champagne problems
25%
1.10Don't Blame Me
25%
0.80Enchanted
25%
0.83I Knew You Were Trouble
25%
0.76Karma
25%
0.70Lavender Haze
25%
0.74Love Story (Taylor's Version)
25%
0.85Me! (feat. Brendon Urie of Panic! At The Disco)
25%
0.65Midnight Rain
25%
0.71...Ready For It?
25%
0.75The Man
25%
0.66We Are Never Ever Getting Back Together
25%
0.95Wildest Dreams
25%
0.72Wildest Dreams (Taylor's Version)
25%
0.63You Belong With Me
25%
0.65You Belong With Me (Taylor's Version)
25%
0.92You Need To Calm Down
25%
0.58You're On Your Own, Kid
25%
0.97Delicate
13%
0.75exile (feat. Bon Iver)
13%
0.65Getaway Car
13%
0.59Gorgeous
13%
0.64Paper Rings
13%
0.56the 1
13%

Score Distribution

Percentile by Number Answered

Percent of People with Each Score

Your Score History

You have not taken this quiz